00382nam a2200133 a 45000010010000000030011000100080041000210350026000620820015000881000022001032450059001252600053001846500011002370000-8732ELIB.Books110520 2008  a(ELIB.Books)0000-8878 aB.Th bLay aLay Laye Paw, Naw aTheological Reflection on Jewish Pesah And Karen Bwatt bInsein: Karen Baptist Theolgical Seminary c2008 aThesis